|
|
|
|
| LEADER |
00853pam a22002418a 4500 |
| 001 |
00016966 |
| 005 |
20171026081022.0 |
| 008 |
110415s1982 ||||||Viesd |
| 041 |
0 |
# |
|a Vie
|
| 082 |
1 |
4 |
|a 519.6
|b Q528Đ
|
| 100 |
0 |
# |
|a Oskarlange
|
| 245 |
0 |
0 |
|a Quyết định tối ưu
|c Oskarlange, Trần Văn Kinh, Nguyễn Mạnh Thư, Nguyễn Quốc Chí ( dịch )
|
| 260 |
# |
# |
|a H.
|b Đại học và trung học chuyên nghiệp
|c 1982
|
| 300 |
# |
# |
|a 379 tr.
|c 19 cm.
|
| 653 |
# |
# |
|a Qui hoạch
|
| 653 |
# |
# |
|a Tối ưu
|
| 700 |
0 |
# |
|a Nguyễn Mạnh Thư
|e dịch
|
| 700 |
0 |
# |
|a Nguyễn Quốc Chí
|e dịch
|
| 700 |
0 |
# |
|e dịch
|a Trần Văn Kinh
|
| 852 |
# |
# |
|b Kho đọc
|j KD.0002332
|
| 852 |
# |
# |
|j KD.0002332
|
| 910 |
|
|
|d 15/04/2011
|
| 980 |
# |
# |
|a Trung tâm Học liệu Lê Vũ Hùng, Trường Đại học Đồng Tháp
|